<?xml version="1.0" encoding="UTF-8"?>
<collection xmlns="http://www.loc.gov/MARC21/slim">
 <record>
  <leader>02013nam a2200433 a 4500</leader>
  <controlfield tag="001">25433</controlfield>
  <controlfield tag="003">BD-DhAAL</controlfield>
  <controlfield tag="008">120620s2003    cau      b    101 0 eng  </controlfield>
  <datafield tag="999" ind1=" " ind2=" ">
   <subfield code="c">12414</subfield>
   <subfield code="d">12414</subfield>
  </datafield>
  <datafield tag="010" ind1=" " ind2=" ">
   <subfield code="a">  2002070527</subfield>
  </datafield>
  <datafield tag="020" ind1=" " ind2=" ">
   <subfield code="a">076199601X (US-Hb)</subfield>
  </datafield>
  <datafield tag="020" ind1=" " ind2=" ">
   <subfield code="a">0761996257 (US-Pb)</subfield>
  </datafield>
  <datafield tag="020" ind1=" " ind2=" ">
   <subfield code="a">9840516582</subfield>
  </datafield>
  <datafield tag="020" ind1=" " ind2=" ">
   <subfield code="a">9789840516582</subfield>
  </datafield>
  <datafield tag="040" ind1=" " ind2=" ">
   <subfield code="a">DLC</subfield>
   <subfield code="c">DLC</subfield>
   <subfield code="d">DLC</subfield>
   <subfield code="d">BD-DhAAL</subfield>
  </datafield>
  <datafield tag="042" ind1=" " ind2=" ">
   <subfield code="a">pcc</subfield>
  </datafield>
  <datafield tag="043" ind1=" " ind2=" ">
   <subfield code="a">a-ii---</subfield>
   <subfield code="a">a-bg---</subfield>
  </datafield>
  <datafield tag="050" ind1="0" ind2="0">
   <subfield code="a">LC213.3.I4</subfield>
   <subfield code="b">C55 2003</subfield>
  </datafield>
  <datafield tag="082" ind1="0" ind2="0">
   <subfield code="a">379.260954</subfield>
   <subfield code="2">21</subfield>
  </datafield>
  <datafield tag="245" ind1="0" ind2="0">
   <subfield code="a">Child labour and the right to education in South Asia :</subfield>
   <subfield code="b">needs versus rights? /</subfield>
   <subfield code="c">edited by Naila Kabeer, Geetha B. Nambissan, Ramya Subrahmanian.</subfield>
  </datafield>
  <datafield tag="260" ind1=" " ind2=" ">
   <subfield code="a">Thousand Oaks, Calif. :</subfield>
   <subfield code="b">Sage Publications,</subfield>
   <subfield code="c">2003.</subfield>
  </datafield>
  <datafield tag="300" ind1=" " ind2=" ">
   <subfield code="a">412 p. ;</subfield>
   <subfield code="c">23 cm.</subfield>
  </datafield>
  <datafield tag="500" ind1=" " ind2=" ">
   <subfield code="a">&quot;This book is the outcome of a workshop 'Needs vs. Rights? Social Policy from a Child Centred Perspective' held in New Delhi in July 1999&quot;--Pref.</subfield>
  </datafield>
  <datafield tag="504" ind1=" " ind2=" ">
   <subfield code="a">Includes bibliographical references and index.</subfield>
  </datafield>
  <datafield tag="526" ind1=" " ind2=" ">
   <subfield code="a">BIED</subfield>
  </datafield>
  <datafield tag="541" ind1=" " ind2=" ">
   <subfield code="a">Complimentary copy from BIED</subfield>
   <subfield code="e">25433, 35820</subfield>
  </datafield>
  <datafield tag="650" ind1=" " ind2="0">
   <subfield code="a">Educational equalization</subfield>
   <subfield code="z">India</subfield>
   <subfield code="v">Congresses.</subfield>
   <subfield code="9">38840</subfield>
  </datafield>
  <datafield tag="650" ind1=" " ind2="0">
   <subfield code="a">Educational equalization</subfield>
   <subfield code="z">Bangladesh</subfield>
   <subfield code="v">Congresses.</subfield>
   <subfield code="9">38841</subfield>
  </datafield>
  <datafield tag="650" ind1=" " ind2="0">
   <subfield code="a">Child labor</subfield>
   <subfield code="z">India</subfield>
   <subfield code="v">Congresses.</subfield>
   <subfield code="9">38842</subfield>
  </datafield>
  <datafield tag="650" ind1=" " ind2="0">
   <subfield code="a">Child labor</subfield>
   <subfield code="z">Bangladesh</subfield>
   <subfield code="v">Congresses.</subfield>
   <subfield code="9">38843</subfield>
  </datafield>
  <datafield tag="650" ind1=" " ind2="0">
   <subfield code="a">Children's rights</subfield>
   <subfield code="z">India</subfield>
   <subfield code="v">Congresses.</subfield>
   <subfield code="9">38844</subfield>
  </datafield>
  <datafield tag="650" ind1=" " ind2="0">
   <subfield code="a">Children's rights</subfield>
   <subfield code="z">Bangladesh</subfield>
   <subfield code="v">Congresses.</subfield>
   <subfield code="9">38845</subfield>
  </datafield>
  <datafield tag="700" ind1="1" ind2=" ">
   <subfield code="a">Kabeer, Naila.</subfield>
   <subfield code="9">38846</subfield>
  </datafield>
  <datafield tag="700" ind1="1" ind2=" ">
   <subfield code="a">Nambissan, Geetha B.,</subfield>
   <subfield code="d">1955-</subfield>
   <subfield code="9">38847</subfield>
  </datafield>
  <datafield tag="700" ind1="1" ind2=" ">
   <subfield code="a">Subrahmanian, Ramya.</subfield>
   <subfield code="9">38848</subfield>
  </datafield>
  <datafield tag="852" ind1="1" ind2=" ">
   <subfield code="a">Ayesha Abed Library</subfield>
   <subfield code="c">General Stacks</subfield>
  </datafield>
  <datafield tag="942" ind1=" " ind2=" ">
   <subfield code="2">ddc</subfield>
   <subfield code="c">BK</subfield>
  </datafield>
  <datafield tag="952" ind1=" " ind2=" ">
   <subfield code="0">0</subfield>
   <subfield code="1">0</subfield>
   <subfield code="2">ddc</subfield>
   <subfield code="4">0</subfield>
   <subfield code="6">379_260954000000000_CHI</subfield>
   <subfield code="7">0</subfield>
   <subfield code="9">20544</subfield>
   <subfield code="a">JPGSPH</subfield>
   <subfield code="b">JPGSPH</subfield>
   <subfield code="c">GEN</subfield>
   <subfield code="d">2012-06-20</subfield>
   <subfield code="l">0</subfield>
   <subfield code="o">379.260954 CHI</subfield>
   <subfield code="p">3060025433</subfield>
   <subfield code="r">2012-06-20</subfield>
   <subfield code="t">1</subfield>
   <subfield code="w">2012-06-20</subfield>
   <subfield code="y">BK</subfield>
  </datafield>
  <datafield tag="952" ind1=" " ind2=" ">
   <subfield code="0">0</subfield>
   <subfield code="1">0</subfield>
   <subfield code="2">ddc</subfield>
   <subfield code="4">0</subfield>
   <subfield code="6">379_260954000000000_CHI</subfield>
   <subfield code="7">0</subfield>
   <subfield code="9">67681</subfield>
   <subfield code="a">BRACUL</subfield>
   <subfield code="b">BRACUL</subfield>
   <subfield code="c">GEN</subfield>
   <subfield code="d">2020-01-07</subfield>
   <subfield code="e">Complimentary copy from BIED</subfield>
   <subfield code="l">0</subfield>
   <subfield code="o">379.260954 CHI</subfield>
   <subfield code="p">3010035820</subfield>
   <subfield code="r">2020-01-07</subfield>
   <subfield code="t">1</subfield>
   <subfield code="w">2020-01-07</subfield>
   <subfield code="y">BK</subfield>
   <subfield code="x">Transferred from BIED to General Stacks</subfield>
  </datafield>
 </record>
</collection>
